Star Wars Jedi: Survivor Tactical Guide - Statistics

General Stats
  • This quiz has been taken 82 times
  • The average score is 22 of 69
Answer Stats
Hint Answer % Correct
BODE AKUNA Bode Akuna
95%
THE GALACTIC EMPIRE Stormtrooper
87%
THE GALACTIC EMPIRE Scout Trooper
66%
BEDLAM RAIDERS B1 Battle Droid
58%
THE GALACTIC EMPIRE Darth Vader
58%
BEDLAM RAIDERS Rayvis
58%
BEDLAM RAIDERS Droideka
56%
BEDLAM RAIDERS B2 Battle Droid
53%
THE GALACTIC EMPIRE Stormtrooper Commander
48%
BEDLAM RAIDERS BX Droid
47%
BEDLAM RAIDERS BX Droid (Hybrid)
47%
BEDLAM RAIDERS BX Droid (Rifle)
47%
THE GALACTIC EMPIRE Flametrooper
47%
FLORA AND FAUNA Rancor
47%
THE GALACTIC EMPIRE Security Droid
47%
BEDLAM RAIDERS Dagan Gera
45%
THE GALACTIC EMPIRE Probe Droid
45%
THE GALACTIC EMPIRE The Ninth Sister
45%
THE GALACTIC EMPIRE Scout Trooper Commander
44%
THE GALACTIC EMPIRE Purge Trooper Commander
40%
THE GALACTIC EMPIRE AT-ST
39%
FLORA AND FAUNA Mogu
39%
THE GALACTIC EMPIRE Electrobaton Purge Trooper
37%
HAXION BROOD Haxion Brood Commando
37%
BEDLAM RAIDERS Magnaguard
37%
THE GALACTIC EMPIRE Electrostaff Purge Trooper
35%
FLORA AND FAUNA Skriton
34%
FLORA AND FAUNA Bilemaw
32%
DROIDS Roller Mine
29%
THE GALACTIC EMPIRE Shield Trooper
29%
THE GALACTIC EMPIRE DT Sentry Droid
27%
THE GALACTIC EMPIRE Heavy Assault Trooper
27%
BEDLAM RAIDERS Raider Veteran
27%
BEDLAM RAIDERS Bedlam Smasher
26%
BEDLAM RAIDERS Raider Grunt
26%
DROIDS Scavenger Droid
26%
FLORA AND FAUNA Vile Bilemaw
26%
FLORA AND FAUNA Gorocco
24%
HAXION BROOD Haxion Brood Bounty Hunter
24%
HAXION BROOD Caij Vanda
23%
FLORA AND FAUNA Golden Skriton
23%
THE GALACTIC EMPIRE Jetpack Trooper
23%
THE GALACTIC EMPIRE Rocket Launcher Trooper
23%
FLORA AND FAUNA Shiverpede
23%
THE GALACTIC EMPIRE Viper Probe Droid
23%
THE GALACTIC EMPIRE ISB Agent
21%
BEDLAM RAIDERS Beetu Deetu
19%
HAXION BROOD Haxion Brood Bounty Droid
19%
FLORA AND FAUNA Spawn of Oggdo
19%
FLORA AND FAUNA Sutaban
19%
FLORA AND FAUNA The Mire Terror
19%
BEDLAM RAIDERS B1 Melee Battle Droid
18%
BEDLAM RAIDERS E3-VE3
18%
FLORA AND FAUNA Gorger
18%
BEDLAM RAIDERS Urgost, Fist of Rayvis
18%
FLORA AND FAUNA Bramlik
16%
FLORA AND FAUNA Sutaban Alpha
16%
FLORA AND FAUNA Gorocco Matriarch
15%
HAXION BROOD Haxion Brood Gunslinger
15%
FLORA AND FAUNA Rawka
15%
THE GALACTIC EMPIRE Security Droid Enforcer
15%
BEDLAM RAIDERS The Massiff
15%
BEDLAM RAIDERS Bedlam Raider Lieutenant (Double-Blade)
13%
BEDLAM RAIDERS Bedlam Raider Lieutenant (Single-Blade)
13%
FLORA AND FAUNA Hardshell
13%
HAXION BROOD Haxion Brood Grenadier
13%
THE GALACTIC EMPIRE Imperial Officer
13%
HAXION BROOD Haxion Brood Shock Commando
8%
HAXION BROOD Haxion Brood Brawler Bounty Droid
5%
No matching quizzes found
Score Distribution
Percent of People with Each Score
Percentile by Number Answered
Your Score History
You have not taken this quiz